000 00566nam a2200229Ia 4500
003 OSt
005 20220924135923.0
006 a|||||r|||| 00| 0
007 ta
008 220923b |||||||| |||| 00| 0 ben d
024 _a293027
037 _cTextual
040 _aARTS
_cARTS
_bben
041 _2ben
_aben
082 _aO157,1N192x, L3
100 _aChattopadhyay
_9176213
245 0 _aDishahara
260 _c1973
650 _aBENGALI LITERATURE
942 _hO157,1N192x, L3
_cTEXL
_2CC
999 _c442385
_d442385